Państwa Europy-nagła śmierć - Statystyki

Ogólne statystyki
  • Ten quiz został rozwiązany 40 razy
  • Średni wynik to 15 z 16
Answers on the Grid
Answers color-coded by a green-red scale on the quiz's grid according to % correct below.
Polska
Paryż
Francja
Grecja
Białoruś
Rpa
Rosja
Kanada
Wilno
Kraków
Madryt
Panama
Dania
Niemcy
Holandia
Belgia
Wielka Brytania
USA
Luksemburg
Rzym
Arizona
Włochy
Watykan
San Marino
Japonia
Chiny
Kazachstan
Hiszpania
Portugalia
Jugów
 
Statystyki odpowiedzi
Odpowiedź % Poprawnych
Polska
96%
San Marino
96%
Watykan
96%
Białoruś
93%
Dania
93%
Francja
93%
Holandia
93%
Niemcy
93%
Portugalia
93%
Włochy
93%
Belgia
89%
Grecja
89%
Hiszpania
89%
Luksemburg
89%
Rosja
89%
Wielka Brytania
89%
Nie znaleziono quizów pasujących do podanych kryteriów
Rozkład punktacji
Procent ludzi z każdym wynikiem
Percentyl według liczby udzielonych odpowiedzi
Twoja historia wyników
Nie rozwiązałeś tego quizu